000 00656nam a2200181 a 4500
001 000036227
005 20200930074956.0
008 120111s1988 sp ad 000 0 spa d
040 _aDO-SdBNP
_bspa
_cBNPHU
082 _axxx
_bI61
245 0 0 _aInterpretación de electrocardiogramas /
_ceditor Barbara McVan ; traductora Ma. Rosa Castellsagué ; prólogo P. Vilagrasa, M. Peya.
260 _aBarcelona :
_bEdiciones Doyma,
_c1988.
300 _a160 p. :
_bil., diagrs. ;
_c24 cm.
700 1 _aMcVan, Barbara,
_eed.
_962297
700 1 _aCastellsagué, Ma. Rosa,
_etr.
_962298
700 1 _aVilagrasa, P.,
_epról.
_962299
700 1 _aPeya, M.,
_epról.
_962300
999 _c35718
_d35718